[Event "Cusco zt 2.4"]
[Site "Cusco"]
[Date "2025.01.28"]
[Round "2"]
[White "Ramirez Sifuentes, Luis Angel"]
[Black "Banda Chahuara, Keops"]
[Result "1-0"]
[WhiteElo "2170"]
[BlackElo "1860"]
[PlyCount "118"]
[EventDate "2025.01.28"]
[EventType "swiss"]
[EventRounds "9"]
[EventCountry "PER"]
[SourceTitle "CB06_2025"]
[SourceDate "2025.02.05"]
[SourceVersion "1"]
[SourceVersionDate "2025.02.05"]
[SourceQuality "1"]

1. e4 c6 2. d4 d5 3. e5 Bf5 4. h4 h5 5. c4 e6 6. Nc3 Nd7 7. Nf3 Ne7 8. Qb3 dxc4 9. Bxc4 Nb6 10. Be2 Qc7 11. Be3 Ned5 12. Rc1 Qd7 13. 0-0 Be7 14. Rfd1 Bg4 15. g3 Nxe3 16. fxe3 Bxf3 17. Bxf3 g5 18. hxg5 Nd5 19. Ne4 0-0-0 20. Kf2 Rdg8 21. Nf6 Bxf6 22. gxf6 Rg5 23. Rh1 Kb8 24. Rh4 Qc7 25. g4 Qa5 26. Rd1 Qc7 27. Qd3 Rhg8 28. Rxh5 Nxf6 29. Rxg5 Rxg5 30. Rg1 Nd5 31. Rh1 Qa5 32. a3 Qd8 33. Qe4 Qf8 34. Ke2 a6 35. Qh7 Ka7 36. Qh8 Rg8 37. Qh4 Qe8 38. Qe1 Qd8 39. Qc1 Ka8 40. Qd2 Rh8 41. Rh5 Rg8 42. e4 Ne7 43. Ke3 Ng6 44. Qb4 Rh8 45. Qd6 Qg8 46. Be2 Rxh5 47. gxh5 Nh4 48. Kd2 Qg5+ 49. Kc2 Qf4 50. Qf8+ Ka7 51. h6 Ng6 52. Qc5+ Ka8 53. Qc3 Qxh6 54. Qf3 Nf4 55. Bc4 Qh2+ 56. Kb1 Qd2 57. Qc3 Qd1+ 58. Ka2 Ne2 59. Bxe2 Qxe2 1-0